000 00346 a2200169 4500
001 183445
020 _a85-356-0615-7
040 _cMagnum
100 _aShuravel, May
240 1 0 _aO papo do sapo
_lpor
245 1 0 _aO papo do sapo
300 _a22
362 0 _a2004
440 1 _aPaulinas
697 _aLITERATURA INFANTIL
942 _cBK
999 _c183445
_d183445